Cinema and the city : film and urban societies in a global context
Αποθηκεύτηκε σε:
| Άλλοι συγγραφείς: | , |
|---|---|
| Μορφή: | Βιβλίο |
| Γλώσσα: | English |
| Δημοσίευση: |
Oxford :
Blackwell Publishers,
2001
|
| Σειρά: | Studies in urban and social change
|
| Θέματα: | |
| Ετικέτες: |
Προσθήκη ετικέτας
Δεν υπάρχουν, Καταχωρήστε ετικέτα πρώτοι!
|
MARC
| LEADER | 00000nam a2200000 i 4500 | ||
|---|---|---|---|
| 001 | 1/78275 | ||
| 008 | 050609s2001 eng d | ||
| 020 | |a 0-631-22244-8 | ||
| 035 | |l 10078460 | ||
| 040 | |a GR-MY-UA |b gre |e aacr | ||
| 041 | 0 | |a eng | |
| 082 | 0 | |a 791.43621732 |2 (22) | |
| 245 | 1 | 0 | |a Cinema and the city : |b film and urban societies in a global context / |c edited by Mark Shiel and Tony Fitzmaurice |
| 260 | |a Oxford : |b Blackwell Publishers, |c 2001 | ||
| 300 | |a xxi, 297 σ.; |b εικ.; |c 23 εκ. | ||
| 490 | 1 | |a Studies in urban and social change | |
| 504 | |a Περιέχει ευρετήριο | ||
| 650 | 0 | 0 | |a Cities and towns in motion pictures. |
| 650 | 0 | 0 | |a Motion pictures |x Social aspects. |
| 650 | 0 | 0 | |a City and town life. |
| 700 | 1 | |a Shiel, Mark. |4 edt | |
| 700 | 1 | |a Fitzmaurice, Tony |d 1953- |4 edt | |
| 830 | 0 | |a Studies in urban and social change | |
| 852 | |a INST |b LESVOS |e 20050609 |h 791.43621732 CIN |p 005100032323 |q 005100032323 |t BK |y 0 | ||
| 901 | |a BIBL1-2005-2 | ||
| 909 | |a Λ |b 118369 | ||
| 920 | |a ΕΠΕΑΕΚ ΚΟΙΝΩΝΙΚΗΣ ΑΝΘΡΩΠΟΛΟΓΙΑΣ ΚΑΙ ΙΣΤΟΡΙΆΣ |y ΛΕΣΒΟΣ |z 2005-04 | ||
| 970 | |a ΜΑΡΙΝΑΤΟΥ |b ΜΥΡΣΙΝΗ |z 2005/06/09 | ||